<?xml version="1.0" encoding="UTF-8"?>
<record
    xmlns:xsi="http://www.w3.org/2001/XMLSchema-instance"
    xsi:schemaLocation="http://www.loc.gov/MARC21/slim http://www.loc.gov/standards/marcxml/schema/MARC21slim.xsd"
    xmlns="http://www.loc.gov/MARC21/slim">

  <leader>01179nam0a22002771  4500</leader>
  <controlfield tag="001">v19\rc\1945318</controlfield>
  <controlfield tag="005">20260406151638.0</controlfield>
  <datafield tag="035" ind1=" " ind2=" ">
    <subfield code="a">(NLR Aleph) 005031089</subfield>
  </datafield>
  <datafield tag="090" ind1=" " ind2=" ">
    <subfield code="a">6691856</subfield>
    <subfield code="c">6691856</subfield>
  </datafield>
  <datafield tag="100" ind1=" " ind2=" ">
    <subfield code="a">20080428d1913    |||y0rusy50      ca</subfield>
  </datafield>
  <datafield tag="101" ind1="0" ind2=" ">
    <subfield code="a">rus</subfield>
  </datafield>
  <datafield tag="102" ind1=" " ind2=" ">
    <subfield code="a">RU</subfield>
  </datafield>
  <datafield tag="105" ind1=" " ind2=" ">
    <subfield code="a">ag  z   |||a|</subfield>
  </datafield>
  <datafield tag="200" ind1="1" ind2=" ">
    <subfield code="a">&#x41D;&#x430; &#x440;&#x443;&#x431;&#x435;&#x436;&#x435; "&#x421;&#x43C;&#x443;&#x442;&#x43D;&#x43E;&#x433;&#x43E; &#x432;&#x440;&#x435;&#x43C;&#x435;&#x43D;&#x438;" &#x438; &#x437;&#x430;&#x447;&#x438;&#x43D;&#x430;&#x44E;&#x449;&#x435;&#x439;&#x441;&#x44F; "&#x441;&#x432;&#x435;&#x442;&#x43B;&#x43E;&#x439; &#x437;&#x430;&#x440;&#x438;"</subfield>
    <subfield code="e">&#x414;&#x440;&#x430;&#x43C;. &#x43A;&#x430;&#x440;&#x442;&#x438;&#x43D;&#x44B; &#x441;&#x43E;&#x447;. &#x41C;. &#x413;&#x435;&#x439;&#x448;&#x442;&#x43E;&#x440;&#x430;</subfield>
    <subfield code="e">&#x41A; 300-&#x43B;&#x435;&#x442;&#x438;&#x44E; &#x432;&#x43E;&#x446;&#x430;&#x440;&#x435;&#x43D;&#x438;&#x44F; &#x414;&#x43E;&#x43C;&#x430; &#x420;&#x43E;&#x43C;&#x430;&#x43D;&#x43E;&#x432;&#x44B;&#x445;</subfield>
    <subfield code="f">&#x41C;&#x443;&#x437;. &#x42E;.&#x410;. &#x41B;&#x430;&#x43A;&#x441;&#x430;</subfield>
  </datafield>
  <datafield tag="210" ind1=" " ind2=" ">
    <subfield code="a">&#x421;&#x430;&#x43D;&#x43A;&#x442;-&#x41F;&#x435;&#x442;&#x435;&#x440;&#x431;&#x443;&#x440;&#x433;</subfield>
    <subfield code="d">[1913]</subfield>
  </datafield>
  <datafield tag="215" ind1=" " ind2=" ">
    <subfield code="a">32, 48 &#x441;., 3 &#x43B;. &#x438;&#x43B;.</subfield>
    <subfield code="c">&#x43D;&#x43E;&#x442;.</subfield>
  </datafield>
  <datafield tag="316" ind1=" " ind2=" ">
    <subfield code="a">&#x42D;&#x43A;&#x437;. &#x420;&#x41D;&#x411; (20.43.9.418): &#x441; &#x430;&#x432;&#x442;&#x43E;&#x433;&#x440;. &#x430;&#x432;&#x442;.</subfield>
    <subfield code="5">NLR: 20.43.9.418</subfield>
  </datafield>
  <datafield tag="532" ind1="1" ind2="3">
    <subfield code="a">&#x41D;&#x430; &#x440;&#x443;&#x431;&#x435;&#x436;&#x435; &#x421;&#x43C;&#x443;&#x442;&#x43D;&#x43E;&#x433;&#x43E; &#x432;&#x440;&#x435;&#x43C;&#x435;&#x43D;&#x438; &#x438; &#x437;&#x430;&#x447;&#x438;&#x43D;&#x430;&#x44E;&#x449;&#x435;&#x439;&#x441;&#x44F; &#x441;&#x432;&#x435;&#x442;&#x43B;&#x43E;&#x439; &#x437;&#x430;&#x440;&#x438;</subfield>
  </datafield>
  <datafield tag="700" ind1=" " ind2="1">
    <subfield code="a">&#x413;&#x435;&#x439;&#x448;&#x442;&#x43E;&#x440;</subfield>
    <subfield code="b">&#x41C;.</subfield>
  </datafield>
  <datafield tag="702" ind1=" " ind2="1">
    <subfield code="a">&#x41B;&#x430;&#x43A;&#x441;</subfield>
    <subfield code="b">&#x42E;.&#x410;.</subfield>
    <subfield code="4">230</subfield>
  </datafield>
  <datafield tag="722" ind1=" " ind2=" ">
    <subfield code="4">570</subfield>
    <subfield code="8">rus</subfield>
    <subfield code="a">&#x420;&#x43E;&#x43C;&#x430;&#x43D;&#x43E;&#x432;&#x44B; (&#x434;&#x438;&#x43D;&#x430;&#x441;&#x442;&#x438;&#x44F;)</subfield>
    <subfield code="f">1613-1917</subfield>
    <subfield code="7">ca</subfield>
    <subfield code="3">RU\NLR\AUTH\775442</subfield>
    <subfield code="9">115406</subfield>
  </datafield>
  <datafield tag="801" ind1=" " ind2="0">
    <subfield code="a">RU</subfield>
    <subfield code="b">NLR</subfield>
    <subfield code="g">psbo</subfield>
  </datafield>
  <datafield tag="801" ind1=" " ind2="1">
    <subfield code="a">RU</subfield>
    <subfield code="b">ProSoft-M</subfield>
    <subfield code="2">rusmarc</subfield>
  </datafield>
  <datafield tag="852" ind1=" " ind2=" ">
    <subfield code="a">NLR</subfield>
    <subfield code="j">20.43.9.418</subfield>
  </datafield>
  <datafield tag="942" ind1=" " ind2=" ">
    <subfield code="c">BOOK</subfield>
  </datafield>
  <datafield tag="980" ind1=" " ind2=" ">
    <subfield code="a">NB</subfield>
  </datafield>
  <datafield tag="995" ind1=" " ind2=" ">
    <subfield code="5">2013-10-26</subfield>
    <subfield code="b">NLR02</subfield>
    <subfield code="c">NLR02</subfield>
    <subfield code="e">RFS</subfield>
    <subfield code="f">5031089-10</subfield>
    <subfield code="k">20.43.9.418</subfield>
    <subfield code="o">0</subfield>
    <subfield code="r">BOOK</subfield>
    <subfield code="s">20439418_</subfield>
  </datafield>
</record>
